| 000 | 00588 a2200169 4500 | ||
|---|---|---|---|
| 999 |
_c5449 _d5449 |
||
| 010 | _aENG-86857 | ||
| 020 |
_a8179940446 _c50.00 |
||
| 035 | _aEN-70390 | ||
| 037 | _bDBAD / PUB | ||
| 082 | 1 | 4 | _a220.21 |
| 100 | 1 | _aKashyap, R.L. | |
| 245 | 1 |
_aHymns on creation and death : _cby R.L. Kashyap _bin the veda and upanishads / |
|
| 260 |
_aBangalore _bSri Aurobindo Kapali Sastry Inst. of Vedic Culture _c2005 |
||
| 270 |
_a63, 13th Main, 4th Block East, Jayanagar _bBangalore _e560 011 _minfo@vedah.com |
||
| 300 |
_avii, 85p _c22cm (Pbk) |
||
| 942 |
_adpl _cEN _2ddc _h220.21 _mKAS |
||